00281pam a2200121 a 4500020000500000041000500005082001500010100001600025245003400041250001100075260005600086300001700142 c h a5.133bCLI aCline, M.R. aC + + FaqshTextual Documents a2nd ed aNew DelhibPearson Education [Addison Wesley]c2000 aXXXIV/505/PB